[Event "AUTO-INT-1357"]
[Site "http://www.queenalice.com/game.php?id=609950"]
[Date "2009.6.27"]
[Round "1"]
[White "rito"]
[Black "eagleclaws"]
[Result "1-0"]
[WhiteElo "1340"]
[BlackElo "1468"]

1. d4 e6 2. e4 Bb4+ 3. c3 Be7 4. a3 Bh4 5. g3 Be7 6. Nd2 a5 7. a4 h5 8. h4 d5 9.
Qb3 c5 10. Qb5+ Nc6 11. exd5 Qxd5 12. Rh2 Nf6 13. Bg2 Qd7 14. dxc5 Ng4 15. Rh3
Nge5 16. Nc4 Nd3+ 17. Ke2 Nxc5 18. Be3 Na6 19. Qb6 O-O 20. Rd1 Qe8 21. f4 Nab8
22. Qb3 Nd7 23. Nb6 Rb8 24. c4 Na7 25. Bf3 f5 26. Qc3 Nxb6 27. Bxb6 Nc6 28. Bxa5
Nxa5 29. Qxa5 Kh8 30. Qa7 b5 31. Qxb8 1-0

[Event "AUTO-INT-1357"]
[Site "http://www.queenalice.com/game.php?id=609951"]
[Date "2009.6.27"]
[Round "1"]
[White "eagleclaws"]
[Black "rito"]
[Result "1-0"]
[WhiteElo "1455"]
[BlackElo "1342"]

1. d4 d5 2. Bg5 f6 3. Bf4 g5 4. Bc1 Nc6 5. e4 e5 6. exd5 Qxd5 7. Qh5+ Qf7 8. Qd1
Nh6 9. d5 Nb4 10. Bb5+ Bd7 11. Nc3 a6 12. Bc4 b5 13. Bb3 Nf5 14. a4 Nd4 15. Kf1
Bf5 16. axb5 Ndxc2 17. Ra4 a5 18. Nge2 Qh5 19. f3 Qh4 20. Bxc2 Bxc2 21. Rxb4
Bxb4 22. Qxc2 Bc5 23. Ne4 Bb4 24. Nxf6+ Kf7 25. g3 Qh3+ 26. Kg1 Kxf6 27. Qxc7
Rhc8 28. Qb6+ Kf5 29. Qe6# 1-0

[Event "AUTO-INT-1357"]
[Site "http://www.queenalice.com/game.php?id=609962"]
[Date "2009.6.27"]
[Round "1"]
[White "vult0"]
[Black "eagleclaws"]
[Result "1-0"]
[WhiteElo "1674"]
[BlackElo "1447"]

1. e4 e5 2. Nf3 Nc6 3. Bc4 Nf6 4. Ng5 d5 5. exd5 Nxd5 6. Qf3 Qxg5 7. Bxd5 f5 8.
O-O Nd8 9. d4 Qf6 10. Bd2 c6 11. dxe5 Qxe5 12. Re1 Qxe1+ 13. Bxe1 cxd5 14. Qxd5
Ne6 15. Qxf5 Bc5 16. Nc3 h5 17. Nd5 Be7 18. Nxe7 Kxe7 19. Bb4+ Kd8 20. Rd1+ Kc7
21. Bd6+ Kd8 22. Bg3+ Ke7 23. Bd6+ Kd8 24. Qf7 Bd7 25. Ba3 Nf8 26. Bxf8 Kc8 27.
Qxd7+ 1-0

[Event "AUTO-INT-1357"]
[Site "http://www.queenalice.com/game.php?id=609963"]
[Date "2009.6.27"]
[Round "1"]
[White "eagleclaws"]
[Black "vult0"]
[Result "0-1"]
[WhiteElo "1458"]
[BlackElo "1661"]

1. d4 d5 2. h3 Nf6 3. f3 e6 4. Bg5 Be7 5. c3 Qd6 6. Bxf6 Bxf6 7. Kf2 Bh4+ 8. g3
Qxg3+ 9. Ke3 b6 10. Kd3 e5 11. Kc2 Bf5+ 12. e4 dxe4 13. Bb5+ Nd7 14. Ne2 exf3+
15. Kb3 fxe2 16. Bxe2 Be6+ 17. Ka4 O-O 18. b4 c6 19. b5 cxb5+ 20. Kxb5 Be7 21.
dxe5 Qxe5+ 22. Ka6 Qa5+ 23. Kb7 Nc5+ 24. Kc6 Rac8# 0-1

[Event "AUTO-INT-1357"]
[Site "http://www.queenalice.com/game.php?id=609968"]
[Date "2009.6.27"]
[Round "1"]
[White "mudinho"]
[Black "eagleclaws"]
[Result "0-1"]
[WhiteElo "1562"]
[BlackElo "1432"]

1. e4 Nc6 2. Nc3 a5 3. d4 Nf6 4. Nf3 h5 5. Bg5 e6 6. e5 Nb8 7. exf6 gxf6 8. Be3
Bb4 9. Bd2 d5 10. Bb5+ c6 11. Bd3 Nd7 12. a3 Bd6 13. O-O Nf8 14. h3 f5 15. Bg5
Qd7 16. Bf6 Rh6 17. Bg7 Rg6 18. Bxf8 Kxf8 19. Re1 Qd8 20. Qd2 Qb6 21. Rab1 Kg8
22. h4 Qd8 23. g3 Be7 24. Kf1 Bf6 25. Qf4 Bg7 26. Ne5 Rf6 27. Be2 Bh6 28. Qf3
Bd2 29. Red1 Bh6 30. Qxh5 f4 31. gxf4 Bxf4 32. Nxf7 Rxf7 33. Bd3 Rg7 34. Ke2 Kf8
35. Qh8+ Rg8 36. Qh7 b5 0-1

[Event "AUTO-INT-1357"]
[Site "http://www.queenalice.com/game.php?id=609969"]
[Date "2009.6.27"]
[Round "1"]
[White "eagleclaws"]
[Black "mudinho"]
[Result "1-0"]
[WhiteElo "1438"]
[BlackElo "1543"]

1. b4 e5 2. c3 c5 3. a3 d5 4. e3 Nc6 5. Bb5 Bd7 6. c4 dxc4 7. Bxc4 Nf6 8. Qb3
cxb4 9. axb4 Nxb4 10. Bxf7+ Ke7 11. Qc4 Rc8 12. Qxb4+ Kxf7 13. Qb2 Bd6 14. Nc3
b6 15. Qb3+ Be6 16. Qa4 Ra8 17. Qa6 Bb4 18. Qb7+ Bd7 19. Na2 Bc5 20. Nf3 e4 21.
Ne5+ Ke7 22. Nc6+ 1-0

[Event "Stardust Champ"]
[Site "http://www.queenalice.com/game.php?id=626947"]
[Date "2009.7.29"]
[Round "1"]
[White "Nelsonbento"]
[Black "eagleclaws"]
[Result "1-0"]
[WhiteElo "1514"]
[BlackElo "1446"]

1. e4 e5 2. Nf3 Nc6 3. c3 b6 4. b4 a5 5. b5 Nb8 6. Nxe5 g5 7. g4 Bd6 8. Nc4 Kf8
9. d4 Bb7 10. d5 f6 11. Nbd2 Ne7 12. h4 Ng6 13. h5 Nh4 14. a4 h6 15. Nb3 Qe7 16.
Qe2 Qd8 17. Nd4 Kg8 18. f4 Bf8 19. fxg5 hxg5 20. Bd2 Ng6 21. Bg2 Nh4 22. O-O-O
Nxg2 23. Qxg2 Qe7 24. Nc2 Qd8 25. e5 Be7 26. Qe4 Kf8 27. Qg6 Bxd5 28. exf6 Bxh1
29. Rxh1 Bxf6 30. Rf1 Ke7 31. Re1+ Kf8 32. Rf1 Ke7 33. Qxf6+ Ke8 34. Qxh8+ Ke7
35. Bxg5+ Ke6 36. Qe5# 1-0

[Event "Stardust Champ"]
[Site "http://www.queenalice.com/game.php?id=676020"]
[Date "2009.11.1"]
[Round "2"]
[White "eagleclaws"]
[Black "alfonso"]
[Result "1-0"]
[WhiteElo "1509"]
[BlackElo "1473"]

1. e4 e5 2. Nf3 Nf6 3. Bd3 Ng4 4. O-O g5 5. h3 Nh6 6. Nxe5 f6 7. Qh5+ Ke7 8. Nc4
d6 9. Qd1 b5 10. Nca3 b4 11. Nb5 a6 12. Nd4 c5 13. Nf3 Nc6 14. b3 g4 15. Nh4
gxh3 16. Qf3 Bg4 17. Qg3 Rg8 18. f3 Be6 19. Qh2 Kd7 20. e5 Nxe5 21. Bxh7 Rh8 22.
Be4 d5 23. Bd3 Rg8 24. g3 Rg5 25. f4 Nhg4 26. Qxh3 Rg8 27. fxe5 Nxe5 28. Qg2 Qb6
29. Kh1 Be7 30. Bh7 Rg7 31. Bd3 Rag8 32. Bf5 Rxg3 33. Qxd5+ Kc7 34. Bxe6 Qb5 35.
d3 Rh8 36. Rf4 Rhg8 37. Bxg8 Qb8 38. Bh7 Qh8 39. Kh2 Qg7 40. Nf5 Qxh7+ 41. Kxg3
Qg6+ 42. Kf2 Qg5 43. Ke2 Qh5+ 44. Ke1 Qh8 45. Nxe7 Qg7 46. Qxc5+ Kd7 47. Nf5 Qf8
48. Qxf8 Ng6 49. Qf7+ Ne7 50. Qxe7+ Kc6 51. Rxb4 Kd5 52. Qd6# 1-0

[Event "AUTO-OPEN-1745"]
[Site "http://www.queenalice.com/game.php?id=676206"]
[Date "2009.11.2"]
[Round "1"]
[White "MrGreen"]
[Black "eagleclaws"]
[Result "1-0"]
[WhiteElo "2084"]
[BlackElo "1513"]

1. e4 e5 2. Nf3 Nc6 3. g3 a6 4. Nc3 Nf6 5. Bg2 h5 6. d4 Ng4 7. d5 Nb4 8. h3 Nh6
9. a3 Nxc2+ 10. Qxc2 c6 11. Nxe5 Qf6 12. Nc4 cxd5 13. Nxd5 Qd8 14. Ncb6 Rb8 15.
Nc7+ Ke7 16. Nbd5+ 1-0

[Event "AUTO-OPEN-1745"]
[Site "http://www.queenalice.com/game.php?id=676207"]
[Date "2009.11.2"]
[Round "1"]
[White "eagleclaws"]
[Black "MrGreen"]
[Result "0-1"]
[WhiteElo "1511"]
[BlackElo "2123"]

1. e4 e5 2. Nf3 Nc6 3. Bb5 Nf6 4. Nc3 Nd4 5. Nxe5 Nxb5 6. Nxb5 c6 7. Nc3 Qe7 8.
f4 d6 9. Nd3 Bg4 10. Ne2 Qxe4 11. Rg1 O-O-O 12. c3 Qxd3 13. Kf2 Ne4+ 14. Ke1 Re8
15. b4 Nxd2 16. Qxd2 Rxe2+ 17. Kf1 Rxd2+ 0-1

[Event "AUTO-OPEN-1745"]
[Site "http://www.queenalice.com/game.php?id=676234"]
[Date "2009.11.2"]
[Round "1"]
[White "eagleclaws"]
[Black "BIGJACK"]
[Result "0-1"]
[WhiteElo "1538"]
[BlackElo "1937"]

1. e4 e5 2. Nf3 Nc6 3. Bb5 a6 4. Bc4 Nf6 5. d3 Bc5 6. O-O O-O 7. a3 b5 8. Bb3
Bb7 9. Bg5 Be7 10. h4 h6 11. Bd2 a5 12. Bc1 d5 13. Qe2 Nd4 14. Nxd4 exd4 15. e5
Nd7 16. h5 c6 17. Re1 f6 18. e6 Nb6 19. Qg4 f5 20. Qxd4 c5 21. Qe5 Bd6 22. Qe3
Qe7 23. Nc3 d4 24. Qe2 dxc3 25. bxc3 Rf6 26. Kh1 Re8 27. Qd1 Bd5 28. c4 bxc4 29.
dxc4 Bxc4 30. Bb2 Rxe6 31. g3 Rxe1+ 32. Qxe1 Qxe1+ 33. Rxe1 Rxe1+ 34. Kh2 Bxb3
35. cxb3 Re2 36. Bc3 a4 37. bxa4 Nxa4 38. Ba5 Rxf2+ 39. Kh3 c4 40. Be1 Rf3 41.
Kg2 Rxa3 42. Kh3 Kf7 43. Kg2 Ke6 44. Bf2 c3 45. Kh2 f4 46. Bd4 fxg3+ 47. Kh3 c2
48. Bxg7 c1=Q 0-1

[Event "AUTO-OPEN-1745"]
[Site "http://www.queenalice.com/game.php?id=676235"]
[Date "2009.11.2"]
[Round "1"]
[White "BIGJACK"]
[Black "eagleclaws"]
[Result "1-0"]
[WhiteElo "1983"]
[BlackElo "1524"]

1. e4 c5 2. c3 Nc6 3. d4 cxd4 4. cxd4 Qa5+ 5. Nc3 e6 6. Nf3 Qd8 7. Be3 Na5 8.
Bb5 Bb4 9. O-O a6 10. Bd3 Rb8 11. a3 Bf8 12. Rc1 Bd6 13. e5 Be7 14. Ne4 Kf8 15.
Qd2 Nc6 16. Neg5 Ke8 17. Nxh7 g6 18. Nhg5 Nh6 19. b4 Ng4 20. Bf4 Qb6 21. h3 Nh6
22. Ne4 Ng8 23. Qe3 Kf8 24. Bg5 Rh7 25. Qf4 Nxd4 26. Bxe7+ Nxe7 27. Nfg5 Rg7 28.
Nf6 Nec6 29. Qh4 Nxe5 30. Qh8+ Ke7 31. Qxg7 Nxd3 32. Qxf7+ Kd6 33. Qf8+ Ke5 34.
f4+ Nxf4 35. Ng4+ Kd5 36. Ne3+ 1-0

[Event "Stardust Champ"]
[Site "http://www.queenalice.com/game.php?id=706773"]
[Date "2010.1.1"]
[Round "3"]
[White "eagleclaws"]
[Black "BrooklynBenjamin"]
[Result "1-0"]
[WhiteElo "1522"]
[BlackElo "1532"]

1. e4 c5 2. Nf3 d6 3. d4 cxd4 4. Nxd4 Nc6 5. Nb5 a6 6. N5c3 g6 7. Nd5 e6 8. Nf4
Bg7 9. Bc4 b5 10. Be2 Ne5 11. Kf1 Bb7 12. Nc3 b4 13. Na4 Bxe4 14. b3 Rc8 15.
Bxa6 Bxc2 16. Bb5+ Nd7 17. Qxd6 Bxa1 18. Nb6 Rc7 19. Bxd7+ Rxd7 20. Nxd7 Ne7 21.
Qc5 Bc3 22. Nf6+ Kf8 23. g4 Bxf6 24. Qxc2 h5 25. gxh5 gxh5 26. Nd3 Rg8 27. Nxb4
Qd4 28. Bh6+ Bg7 29. Bd2 Nd5 30. Nxd5 Qxd5 31. Bb4+ Ke8 32. Qc8+ Qd8 33. Qc6+
Qd7 34. Qxd7+ Kxd7 35. Bc5 Kc6 36. Be3 Rb8 37. Rg1 Be5 38. Rg5 Bxh2 39. Rxh5 Bd6
40. Rh7 f5 41. Rh4 Kd5 42. Rd4+ Ke5 43. f4+ Kf6 44. Rxd6 1-0

[Event "Stardust Champ"]
[Site "http://www.queenalice.com/game.php?id=732042"]
[Date "2010.2.14"]
[Round "4"]
[White "eagleclaws"]
[Black "faustinho"]
[Result "0-1"]
[WhiteElo "1536"]
[BlackElo "2123"]

1. d4 Nf6 2. c4 g6 3. Nc3 d5 4. c5 b6 5. Nf3 Bg7 6. Bf4 O-O 7. e3 bxc5 8. dxc5
c6 9. Be5 Nbd7 10. b4 Nxe5 11. Nxe5 Ng4 12. f4 Nxe5 13. fxe5 Bxe5 14. Rc1 Rb8
15. b5 cxb5 16. Nxb5 Qa5+ 17. Qd2 Rxb5 18. Bxb5 Qxb5 19. Qxd5 Ba6 20. Qd1 Bc7
21. c6 Rd8 22. Qf3 Qa5+ 23. Kf2 Qd2+ 24. Kg1 Qxc1+ 25. Kf2 Qd2+ 0-1

[Event "AUTO-INT-2747"]
[Site "http://www.queenalice.com/game.php?id=1227678"]
[Date "2013.10.27"]
[Round "1"]
[White "eagleclaws"]
[Black "ac2012"]
[Result "1-0"]
[WhiteElo "1566"]
[BlackElo "1858"]

1. e4 e5 2. Bb5 c6 3. Bc4 Nf6 4. Qe2 Be7 5. Nf3 b5 6. Bb3 d6 7. a4 a6 8. Ng5 d5
9. f3 h6 10. Nh3 d4 11. Nf2 Bb7 12. g4 c5 13. axb5 O-O 14. h4 Nfd7 15. d3 axb5
16. Rxa8 Bxa8 17. h5 Nc6 18. O-O Nb6 19. Na3 Na7 20. Bd2 Qc8 21. Ra1 Qc7 22. Nh3
Kh8 23. f4 exf4 24. Bxf4 Bd6 25. Qh2 Bxf4 26. Nxf4 Qb8 27. Bxf7 Nc6 28. Ng6+ Kh7
29. Nxf8+ Qxf8 30. Qf4 Ne5 31. Qf5+ Kh8 32. Qxe5 Qxf7 33. Qb8+ Qg8 34. Qxb6 c4
35. Nxb5 cxd3 36. cxd3 Qc8 37. Qg6 Qb8 38. Nd6 Bxe4 39. dxe4 d3 40. Nf5 1-0

[Event "AUTO-INT-2747"]
[Site "http://www.queenalice.com/game.php?id=1227679"]
[Date "2013.10.27"]
[Round "1"]
[White "ac2012"]
[Black "eagleclaws"]
[Result "1-0"]
[WhiteElo "1815"]
[BlackElo "1594"]

1. e4 c5 2. Bc4 Nf6 3. d3 e6 4. Nc3 b6 5. f4 Ng4 6. h3 Qh4+ 7. Kd2 h5 8. Qe2 Qd8
9. hxg4 g6 10. gxh5 gxh5 11. Rxh5 Rg8 12. g4 Qf6 13. Qf3 Bb7 14. Kd1 Qd8 15. Bd2
Be7 16. Qh3 Nc6 17. f5 Bf6 18. Nf3 Na5 19. g5 Nxc4 20. dxc4 Bxc3 21. Bxc3 Bxe4
22. Bf6 Bxf3+ 23. Qxf3 Qc8 24. fxe6 dxe6 25. Ke1 Rb8 26. Rd1 Qc7 27. Rd3 a6 28.
Kd1 b5 29. Qe4 bxc4 30. Qxc4 Qc6 31. Qf4 Ra8 32. Kc1 c4 33. Rdh3 Qb6 34. Rh8
Qg1+ 35. Kd2 Rxh8 36. Rxh8+ Kd7 37. Rxa8 Qg2+ 38. Kc3 Qxa8 39. Qd4+ Qd5 40. Qa7+
Kc8 41. Qxa6+ Kd7 42. Qxc4 Qa5+ 43. b4 Qa3+ 44. Kd2 Qa8 45. Qb5+ Kc7 46. Qc5+
Qc6 47. Qxc6+ Kxc6 48. c4 Kd6 49. Kd3 Kc6 50. Ke4 Kd6 51. a4 Kc6 52. Ke5 Kd7 53.
a5 Kc7 54. b5 Kb7 55. c5 Kc7 56. a6 Kb8 57. b6 Kc8 58. c6 Kb8 59. Kd6 Ka8 60. a7
e5 61. Kc7 e4 62. Bd4 e3 63. b7# 1-0

[Event "AUTO-INT-2747"]
[Site "http://www.queenalice.com/game.php?id=1227680"]
[Date "2013.10.27"]
[Round "1"]
[White "eagleclaws"]
[Black "Ubialli"]
[Result "1-0"]
[WhiteElo "1539"]
[BlackElo "1486"]

1. e4 d5 2. Bb5+ c6 3. Bd3 dxe4 4. Bxe4 Nf6 5. Nc3 Nxe4 6. Nxe4 Bf5 7. Ng3 Bg6
8. c3 e6 9. b4 Nd7 10. d4 Bd6 11. N3e2 1-0

[Event "AUTO-INT-2747"]
[Site "http://www.queenalice.com/game.php?id=1227681"]
[Date "2013.10.27"]
[Round "1"]
[White "Ubialli"]
[Black "eagleclaws"]
[Result "0-1"]
[WhiteElo "1472"]
[BlackElo "1553"]

1. e4 e5 2. f4 d6 3. Nf3 Bg4 4. Be2 Bd7 5. O-O exf4 6. d3 Qf6 7. Nc3 Bc6 8. d4
b6 9. e5 Qf5 10. Bd3 Qg4 0-1

[Event "AUTO-INT-2747"]
[Site "http://www.queenalice.com/game.php?id=1227682"]
[Date "2013.10.27"]
[Round "1"]
[White "eagleclaws"]
[Black "jamba"]
[Result "0-1"]
[WhiteElo "1534"]
[BlackElo "1594"]

1. a4 c5 2. e4 d6 3. Bb5+ Nc6 4. Nc3 Nf6 5. h3 g6 6. b3 Bg7 7. h4 Nxe4 8. Bb2
Bf5 9. g4 Nxc3 10. dxc3 Be6 11. Qf3 Qa5 12. Bxc6+ bxc6 13. Qxc6+ Kd8 14. Qxa8+
Bc8 15. Ne2 Kd7 16. g5 Bd4 17. Qf3 Be5 0-1

[Event "AUTO-INT-2747"]
[Site "http://www.queenalice.com/game.php?id=1227683"]
[Date "2013.10.27"]
[Round "1"]
[White "jamba"]
[Black "eagleclaws"]
[Result "0-1"]
[WhiteElo "1599"]
[BlackElo "1520"]

1. d4 c6 2. e3 e6 3. a3 Bb4+ 4. axb4 d5 5. b5 Bd7 6. bxc6 bxc6 7. f4 g6 8. Bd3
Nf6 9. Nf3 Ng4 10. Ng5 Nf6 11. O-O h6 12. Nf3 Ng4 13. h3 Nf6 14. Nc3 a5 15. g4
Na6 16. f5 exf5 17. g5 hxg5 18. Nxg5 Ne4 19. Ncxe4 dxe4 20. Bc4 Qxg5+ 21. Kh2 f4
22. Bxf7+ Ke7 23. Rf3 Bxh3 24. Rxh3 Qg3+ 0-1